|
|
|
|
| LEADER |
00000nam2a2200000 4500 |
| 001 |
66157 |
| 005 |
20231031071159.0 |
| 035 |
|
|
|a (RuTPU)RU\TPU\book\70258
|
| 090 |
|
|
|a 66157
|
| 100 |
|
|
|a 20040723d2006 k y0rusy50 ca
|
| 101 |
0 |
|
|a rus
|
| 102 |
|
|
|a RU
|
| 105 |
|
|
|a a z 001zy
|
| 200 |
0 |
|
|a Т. 1: Основные научные результаты. Ч. 2: Интеграционные проекты
|
| 210 |
|
|
|d 2006
|
| 215 |
|
|
|a 438 с.
|c ил.
|
| 320 |
|
|
|a Библиография в конце статей
|
| 461 |
|
1 |
|0 (RuTPU)RU\TPU\book\107269
|t Сибирское отделение Российской академии наук в 2005 году
|f Сибирское отделение РАН
|v Т. 1: Основные научные результаты. Ч. 2: Интеграционные проекты
|d 2006-
|
| 610 |
1 |
|
|a наука
|
| 610 |
1 |
|
|a Россия
|
| 610 |
1 |
|
|a Сибирь
|
| 610 |
1 |
|
|a Академия наук
|
| 610 |
1 |
|
|a Российская академия наук
|
| 610 |
1 |
|
|a Сибирское отделение
|
| 610 |
1 |
|
|a РАН СО
|
| 610 |
1 |
|
|a научно-исследовательские работы
|
| 610 |
1 |
|
|a научные результаты
|
| 610 |
1 |
|
|a интеграционные проекты
|
| 686 |
|
|
|a Ч214(2Р5)71
|2 rubbk
|
| 801 |
|
1 |
|a RU
|b 63413507
|c 20040723
|g PSBO
|
| 801 |
|
2 |
|a RU
|b 63413507
|c 20151119
|g PSBO
|
| 942 |
|
|
|c BK
|